| 000 | 01210nam a2200277 a 4500 | ||
|---|---|---|---|
| 003 | BLK | ||
| 005 | 20250801110900.0 | ||
| 008 | 240705b bul|||||r ||||||| ||bul|| | ||
| 020 | _a9786190214441 | ||
| 040 | _aBLK | ||
| 041 |
_aBUL _cBUL |
||
| 080 |
_aШвейцарска литература _b821(494) _x-312.4 _z821(494)-312.4 |
||
| 084 | _aД 53 | ||
| 100 | 1 |
_aДикер, Жоел _961431 _d1985 - |
|
| 245 | 1 | 0 |
_aИстината за случая "Хари Куебърт" _cЖоел Дикер ; прев. от фр. Росица Ташева. |
| 257 | _aSWI | ||
| 260 |
_aСофия _bКолибри _c2024 _fКостинброд : Мултипринт _9209486 _n978-619-02- ; 978-619-150- ; 978-954-150- ; 978-954-529- |
||
| 300 |
_a552 с. _c21 см |
||
| 380 | _aX | ||
| 500 | _aОриг. загл.: Lа verite sur l'affaire Harry Quebert / Joel Dicker. | ||
| 700 |
_aТашева, Росица Борисова _d1946 - _gПреводач от френски и английски език. _9366084 |
||
| 852 |
_bП _c821-31/Д 53 Ж |
||
| 942 |
_cKNG _n0 _s1 _045 |
||
| 944 |
_a30560 _cГеновева Генчева _k30542 _lРусанова Ирена |
||
| 999 |
_c513355 _d513355 |
||